[Event "Schloss op 1st"]
[Site "Heusenstamm"]
[Date "2014.11.20"]
[Round "1.26"]
[White "Turp, Hueseyin"]
[Black "Hoti, Safet"]
[Result "0-1"]
[WhiteElo "1651"]
[BlackElo "2107"]
[PlyCount "122"]
[EventDate "2014.11.??"]
[EventType "swiss"]
[EventRounds "7"]
[EventCountry "GER"]
[WhiteTeam "Oberhausener SV"]
[BlackTeam "SC Heusenstamm"]

1. d4 g6 2. Bf4 d6 3. Nf3 Bg7 4. e3 Nf6 5. h3 O-O 6. Bc4 b6 7. O-O Bb7 8. Nbd2
e6 9. Bg5 h6 10. Bh4 c5 11. c3 Qc7 12. Bg3 Nbd7 13. Bb3 Rac8 14. Re1 Ne4 15.
Nxe4 Bxe4 16. Nh4 Nf6 17. Bc2 Bb7 18. Nf3 Qc6 19. Ba4 b5 20. Bc2 a5 21. a3 Rfd8
22. Rc1 Ne4 23. Bxe4 Qxe4 24. Qc2 Qc6 25. Qd2 Qb6 26. Red1 Bd5 27. Qe2 Qb7 28.
Bh4 Rd7 29. Bg3 c4 30. Re1 Be4 31. Red1 g5 32. Rd2 Bg6 33. Ne1 d5 34. h4 f6 35.
hxg5 hxg5 36. Qg4 Kf7 37. f4 f5 38. Qd1 g4 39. Bh2 b4 40. axb4 axb4 41. Ra1 Bf8
42. Qa4 Rb8 43. Re2 b3 44. Bg3 Be7 45. Bf2 Qc8 46. Qa6 Rdb7 47. Bg3 Kg7 48. Bf2
Be8 49. Ra5 Bb5 50. Rxb5 Rxb5 51. Qa1 Ra8 52. Qc1 Rba5 53. Qd2 Ra1 54. g3 Rb1
55. e4 fxe4 56. Rxe4 dxe4 57. Qe2 Kf8 58. Qxe4 Raa1 59. Qe5 Ke8 60. Qh8+ Kd7
61. Qe5 Qc6 0-1

[Event "Schloss op 1st"]
[Site "Heusenstamm"]
[Date "2014.11.20"]
[Round "1.27"]
[White "Kreiling, Carsten"]
[Black "Guenther, Rainer"]
[Result "1-0"]
[WhiteElo "2097"]
[BlackElo "1644"]
[PlyCount "80"]
[EventDate "2014.11.??"]
[EventType "swiss"]
[EventRounds "7"]
[EventCountry "GER"]
[WhiteTeam "SVG Eppstein 1932"]
[BlackTeam "SV Mainz Mombach"]

1. d4 Nf6 2. c4 e6 3. Nf3 d5 4. Nc3 Be7 5. Bg5 h6 6. Bh4 O-O 7. e3 dxc4 8. Bxc4
b6 9. O-O Bb7 10. Qe2 Nbd7 11. Rfd1 Nd5 12. Bxe7 Qxe7 13. Rac1 Nxc3 14. Rxc3
Nf6 15. Rdc1 Ne4 16. R3c2 c5 17. dxc5 bxc5 18. Ba6 Bd5 19. b3 Rab8 20. Nd2 Qg5
21. f3 Nxd2 22. Rxd2 Rbd8 23. Rdc2 Rd6 24. Rxc5 f5 25. Bc4 Ba8 26. Re5 Qf6 27.
f4 Rfd8 28. Qb2 Rd1+ 29. Rxd1 Rxd1+ 30. Bf1 Be4 31. Qe2 Rb1 32. Qa6 Qd8 33.
Qxe6+ Kh7 34. Rxe4 Rxf1+ 35. Kxf1 Qd1+ 36. Kf2 Qd2+ 37. Kg3 Qe1+ 38. Kh3 fxe4
39. Qxe4+ Kh8 40. Qa8+ Kh7 1-0

[Event "Schloss op 1st"]
[Site "Heusenstamm"]
[Date "2014.11.20"]
[Round "1.28"]
[White "Held, Maurice"]
[Black "Henrich, David"]
[Result "0-1"]
[WhiteElo "1634"]
[BlackElo "2093"]
[PlyCount "64"]
[EventDate "2014.11.??"]
[EventType "swiss"]
[EventRounds "7"]
[EventCountry "GER"]
[WhiteTeam "SC Ladja Rossdorf"]
[BlackTeam "SK Niederbrechen 1948"]

1. c4 d6 2. Nf3 g6 3. g3 Bg7 4. Bg2 Nf6 5. Nc3 O-O 6. O-O Nc6 7. d3 Rb8 8. Bd2
Bg4 9. a3 Qd7 10. b4 a6 11. Rb1 b5 12. cxb5 axb5 13. Qc2 Bxf3 14. exf3 Nd4 15.
Qd1 d5 16. Ne2 Nf5 17. Qc2 Rb6 18. Rbc1 Rc8 19. Bf4 d4 20. Bh3 Nd5 21. Qc5 e5
22. Bd2 Ra8 23. Bxf5 gxf5 24. f4 f6 25. fxe5 fxe5 26. f4 e4 27. dxe4 fxe4 28.
Nxd4 Nxf4 29. Kh1 Bxd4 30. Qg5+ Ng6 31. Rxc7 Qd8 32. Rf8+ Kxf8 0-1

[Event "Schloss op 1st"]
[Site "Heusenstamm"]
[Date "2014.11.20"]
[Round "1.29"]
[White "Werner, Dimo"]
[Black "Firinci, Erdem"]
[Result "1-0"]
[WhiteElo "2083"]
[BlackElo "1633"]
[PlyCount "100"]
[EventDate "2014.11.??"]
[EventType "swiss"]
[EventRounds "7"]
[EventCountry "GER"]
[WhiteTeam "TSV Schott Mainz"]
[BlackTeam "Sfr Heusenstam"]

1. d4 Nf6 2. Nf3 d5 3. c4 dxc4 4. Nc3 Bf5 5. e3 e6 6. Bxc4 Bb4 7. O-O Bxc3 8.
bxc3 O-O 9. Bd3 Bxd3 10. Qxd3 Nc6 11. e4 h6 12. Rb1 Rb8 13. h3 Re8 14. Rd1 e5
15. d5 Na5 16. Nh4 Nh5 17. Nf5 Nf4 18. Qf3 Qg5 19. h4 Qf6 20. g3 Ng6 21. Nxh6+
Kh7 22. Qxf6 gxf6 23. Ng4 Red8 24. Nxf6+ Kg7 25. Ng4 Nc4 26. Ne3 Nxe3 27. Bxe3
b6 28. c4 f6 29. h5 Ne7 30. f4 exf4 31. Bxf4 Rd7 32. Kg2 Nc8 33. c5 b5 34. c6
Re7 35. Kf3 Nd6 36. Bxd6 cxd6 37. g4 a6 38. Kf4 Rbe8 39. Rd4 Ra8 40. a4 Rb8 41.
axb5 axb5 42. Rdb4 Rbe8 43. Ra1 Rb8 44. Ra5 Rbe8 45. Raxb5 Re5 46. Rb7+ Kh6 47.
Rf7 Rg8 48. Rxf6+ Kh7 49. Rb7+ Rg7 50. Rxg7+ Kxg7 1-0

[Event "Schloss op 1st"]
[Site "Heusenstamm"]
[Date "2014.11.20"]
[Round "1.30"]
[White "Burow, Roger"]
[Black "Schulte, Marius"]
[Result "0-1"]
[WhiteElo "1628"]
[BlackElo "2081"]
[PlyCount "56"]
[EventDate "2014.11.??"]
[EventType "swiss"]
[EventRounds "7"]
[EventCountry "GER"]
[WhiteTeam "SV 1920 Kelsterbach"]
[BlackTeam "SK Gruendau"]

1. Nf3 d5 2. d4 Nf6 3. c4 c6 4. Nc3 e6 5. a3 dxc4 6. e4 b5 7. Bg5 h6 8. Bh4 Qa5
9. Bxf6 gxf6 10. e5 f5 11. Be2 Nd7 12. O-O Bb7 13. Ne1 a6 14. f4 O-O-O 15. Bf3
Nc5 16. Nc2 Nb3 17. Rb1 Qb6 18. Ne2 c5 19. Bxb7+ Kxb7 20. Kh1 cxd4 21. Nexd4
Nxd4 22. Nxd4 Rxd4 23. Qf3+ Qc6 24. Qc3 Bc5 25. Rbc1 Rd3 26. Qc2 Rhd8 27. Rcd1
Qd5 28. Rxd3 Qxd3 0-1

[Event "Schloss op 1st"]
[Site "Heusenstamm"]
[Date "2014.11.20"]
[Round "1.31"]
[White "Schloessner, Henrik"]
[Black "Muegendt, Brian Christopher"]
[Result "1-0"]
[WhiteElo "1938"]
[BlackElo "1622"]
[PlyCount "95"]
[EventDate "2014.11.??"]
[EventType "swiss"]
[EventRounds "7"]
[EventCountry "GER"]
[WhiteTeam "SK Gruendau"]
[BlackTeam "SC Heusenstamm"]

1. e4 e5 2. Nf3 Nc6 3. Bb5 a6 4. Ba4 Nf6 5. O-O Be7 6. Re1 b5 7. Bb3 O-O 8. c3
d6 9. h3 Na5 10. Bc2 c5 11. d4 Qc7 12. Nbd2 cxd4 13. cxd4 Bb7 14. d5 Rac8 15.
Bd3 Nd7 16. Nf1 f5 17. Bg5 Nf6 18. Ng3 f4 19. Nf5 h6 20. Bxf6 Bxf6 21. N3h4
Bxh4 22. Nxh4 Rf6 23. Qg4 Qf7 24. Rac1 Nc4 25. Rc2 Rc7 26. Rec1 Bc8 27. Qe2 f3
28. Nxf3 Bxh3 29. Ne1 Qg6 30. b3 Rcf7 31. bxc4 bxc4 32. Bxc4 Rf4 33. Bxa6 Rxe4
34. Bd3 Rff4 35. Bxe4 Rxe4 36. Qf3 Bg4 37. Qg3 Bf5 38. Qxg6 Bxg6 39. Rc6 Ra4
40. Rxd6 Bf5 41. Nf3 Rxa2 42. Nxe5 h5 43. Rc7 Ra1+ 44. Kh2 Rf1 45. f3 h4 46.
Ng6 h3 47. Ne7+ Kh7 48. Nxf5 1-0

[Event "Schloss op 1st"]
[Site "Heusenstamm"]
[Date "2014.11.20"]
[Round "1.32"]
[White "Lutwitzi, Klaus"]
[Black "Rosenberger, Frank"]
[Result "0-1"]
[WhiteElo "1620"]
[BlackElo "2067"]
[PlyCount "68"]
[EventDate "2014.11.??"]
[EventType "swiss"]
[EventRounds "7"]
[EventCountry "GER"]
[BlackTeam "SK 1980 Gernsheim"]

1. c4 e6 2. b3 d5 3. Bb2 Nf6 4. e3 c6 5. Nf3 Bd6 6. Be2 Nbd7 7. d3 O-O 8. Nbd2
Qe7 9. Qc2 Re8 10. O-O e5 11. Rfe1 e4 12. dxe4 dxe4 13. Nd4 Nc5 14. Ba3 Nd3 15.
Bxd6 Nxe1 16. Bxe7 Nxc2 17. Nxc2 Rxe7 18. Nf1 c5 19. Rd1 Rd7 20. Rc1 Rd6 21. b4
b6 22. Ng3 g6 23. h3 Rd2 24. a3 h5 25. Kf1 h4 26. Nh1 Be6 27. Ke1 Rad8 28. Nd4
Ra2 29. Nc2 Nd7 30. f3 exf3 31. gxf3 Ne5 32. Nf2 Bxc4 33. Ne4 Bxe2 34. Kxe2 Nd3
0-1

[Event "Schloss op 1st"]
[Site "Heusenstamm"]
[Date "2014.11.20"]
[Round "1.33"]
[White "Baumgartl, Guenther"]
[Black "Deppe, Leo"]
[Result "1-0"]
[WhiteElo "2060"]
[BlackElo "1610"]
[PlyCount "49"]
[EventDate "2014.11.??"]
[EventType "swiss"]
[EventRounds "7"]
[EventCountry "GER"]
[WhiteTeam "SC 1952 Obertshausen"]
[BlackTeam "SC Bad Soden"]

1. e4 c6 2. d4 d5 3. e5 Bf5 4. g4 Bd7 5. Be3 e6 6. Bd3 c5 7. c3 cxd4 8. cxd4
Nc6 9. Nc3 a6 10. a3 b5 11. Nge2 Nge7 12. Ng3 Ng6 13. f4 Nh4 14. O-O Be7 15.
Rc1 Na5 16. Rc2 Nc4 17. Bc1 a5 18. b3 Nxa3 19. Bxa3 Bxa3 20. Nxb5 Bxb5 21.
Bxb5+ Ke7 22. f5 Qb6 23. fxe6 fxe6 24. Qa1 Bb4 25. Qc1 1-0

[Event "Schloss op 1st"]
[Site "Heusenstamm"]
[Date "2014.11.20"]
[Round "1.36"]
[White "Fuessel, Jan Michael"]
[Black "Brockhaus, Bernd"]
[Result "1/2-1/2"]
[WhiteElo "1565"]
[BlackElo "2056"]
[PlyCount "40"]
[EventDate "2014.11.??"]
[EventType "swiss"]
[EventRounds "7"]
[EventCountry "GER"]
[WhiteTeam "VSG 1880 Offenbach"]
[BlackTeam "SV Turm Kamp Lintfort"]

1. b3 Nf6 2. Bb2 d5 3. e3 Bf5 4. Nf3 e6 5. c4 c6 6. Nc3 Bd6 7. cxd5 exd5 8. Be2
O-O 9. O-O Re8 10. Nd4 Bd7 11. f4 a6 12. Qc2 Ne4 13. Bd3 c5 14. Nxd5 Nxd2 15.
Qxd2 cxd4 16. Bxd4 Nc6 17. Bb2 Be6 18. Qc3 Be5 19. fxe5 Qxd5 20. Rad1 Qa5
1/2-1/2

[Event "Schloss op 1st"]
[Site "Heusenstamm"]
[Date "2014.11.20"]
[Round "1.37"]
[White "Schrader, Hans Joachim"]
[Black "Koellner, Ruben Gideon"]
[Result "1-0"]
[WhiteElo "2043"]
[BlackElo "1529"]
[PlyCount "71"]
[EventDate "2014.11.??"]
[EventType "swiss"]
[EventRounds "7"]
[EventCountry "GER"]
[WhiteTeam "SV Kinzigtal"]
[BlackTeam "SV Bergneustadt/Derschlag"]

1. e4 e5 2. Nf3 Nc6 3. d4 exd4 4. Nxd4 d6 5. Bb5 Bd7 6. O-O Nf6 7. Nc3 Be7 8.
Nxc6 Bxc6 9. Bxc6+ bxc6 10. b3 O-O 11. Bb2 Re8 12. f4 Bf8 13. Qf3 Qe7 14. Rae1
Nd7 15. Re2 g6 16. Rfe1 Bg7 17. Nd1 Bxb2 18. Nxb2 Qf6 19. Nd3 Re6 20. Kh1 c5
21. e5 Qd8 22. f5 gxf5 23. Qxf5 Qe8 24. exd6 cxd6 25. Rxe6 fxe6 26. Rxe6 Qf7
27. Qxf7+ Kxf7 28. Rxd6 Ke7 29. Rh6 Nf6 30. h3 Kf7 31. Nxc5 Rc8 32. b4 Rd8 33.
Rh4 Rd1+ 34. Kh2 Rd2 35. Rf4 Kg6 36. Rxf6+ 1-0

[Event "Schloss op 1st"]
[Site "Heusenstamm"]
[Date "2014.11.20"]
[Round "1.38"]
[White "Wilk, David"]
[Black "Zweschper, Erich"]
[Result "0-1"]
[WhiteElo "1525"]
[BlackElo "2043"]
[PlyCount "70"]
[EventDate "2014.11.??"]
[EventType "swiss"]
[EventRounds "7"]
[EventCountry "GER"]
[WhiteTeam "SF Mainz"]
[BlackTeam "SVG Eppstein 1932"]

1. e4 g6 2. f4 Bg7 3. Nf3 d6 4. d4 Nd7 5. Bd3 c5 6. c3 Qc7 7. Qe2 cxd4 8. c4 e5
9. O-O Ngf6 10. a4 O-O 11. b4 a5 12. b5 Nc5 13. fxe5 dxe5 14. Ba3 Nh5 15. g3
Bh3 16. Rf2 Bh6 17. Nbd2 Be3 18. Rb1 b6 19. Nb3 Rab8 20. Bxc5 bxc5 21. Qe1 Ra8
22. Kh1 Bxf2 23. Qxf2 Qe7 24. Rg1 Bg4 25. Kg2 f5 26. exf5 e4 27. Nfxd4 exd3 28.
Re1 Qd6 29. Re6 Qc7 30. Rc6 Qe7 31. Re6 Qb7+ 32. Nc6 Bxf5 33. Qe3 Bxe6 34.
Qxe6+ Qf7 35. Qe5 Qf1# 0-1

[Event "Schloss op 1st"]
[Site "Heusenstamm"]
[Date "2014.11.24"]
[Round "1.39"]
[White "Weiss, Matthias"]
[Black "Rapp, Matthias"]
[Result "1-0"]
[WhiteElo "2042"]
[BlackElo "1485"]
[PlyCount "51"]
[EventDate "2014.11.??"]
[EventType "swiss"]
[EventRounds "7"]
[EventCountry "GER"]
[WhiteTeam "SF Schoeneck"]
[BlackTeam "TSV Schott Mainz"]

1. e4 c5 2. Nf3 Nc6 3. Bb5 a6 4. Bxc6 bxc6 5. O-O d5 6. d3 Bg4 7. Nbd2 e6 8.
Re1 Bd6 9. c4 Ne7 10. cxd5 exd5 11. Qa4 Qd7 12. b3 O-O 13. Ba3 Ng6 14. Rac1 Nf4
15. e5 Nxd3 16. exd6 Nxe1 17. Nxe1 Rfe8 18. Bxc5 Re2 19. Nef3 Rae8 20. Qxa6 Qe6
21. Rf1 Rxd2 22. Nxd2 Be2 23. Qxc6 Bxf1 24. Nxf1 h5 25. Qc7 Qf6 26. d7 1-0

[Event "Schloss op 1st"]
[Site "Heusenstamm"]
[Date "2014.11.20"]
[Round "1.40"]
[White "Kirchner, Markus"]
[Black "Carow, Annelen"]
[Result "0-1"]
[WhiteElo "1451"]
[BlackElo "2034"]
[PlyCount "78"]
[EventDate "2014.11.??"]
[EventType "swiss"]
[EventRounds "7"]
[EventCountry "GER"]
[WhiteTeam "SF Schoeneck"]
[BlackTeam "SF Heidesheim"]

1. e4 c5 2. Nf3 e6 3. d4 cxd4 4. Nxd4 a6 5. Nc3 Qc7 6. Bd3 Nf6 7. Bd2 Bd6 8. h3
Nc6 9. Nb3 b5 10. a3 Ne5 11. Be2 Nc4 12. Rb1 Bb7 13. Bd3 O-O 14. O-O Nxd2 15.
Qxd2 Be5 16. Rfe1 Rac8 17. Nd1 d5 18. exd5 Nxd5 19. Qe2 Bf6 20. Qe4 g6 21. Qg4
Bg7 22. Ne3 Nf4 23. Bf1 e5 24. c4 bxc4 25. Bxc4 Qb6 26. Nd2 Rcd8 27. Red1 Kh8
28. Bf1 f5 29. Qg3 Qe6 30. Bc4 Qf6 31. f3 Qb6 32. Qf2 Bh6 33. Nef1 Qxf2+ 34.
Kxf2 Rd4 35. b3 Rfd8 36. Rb2 e4 37. fxe4 fxe4 38. a4 Nd3+ 39. Bxd3 Rxd3 0-1

[Event "Schloss op 1st"]
[Site "Heusenstamm"]
[Date "2014.11.20"]
[Round "1.41"]
[White "Held, Carsten"]
[Black "Kirchner, Stefan"]
[Result "1-0"]
[WhiteElo "2033"]
[BlackElo "1481"]
[PlyCount "67"]
[EventDate "2014.11.??"]
[EventType "swiss"]
[EventRounds "7"]
[EventCountry "GER"]
[WhiteTeam "SC Ladja Rossdorf"]
[BlackTeam "SF Schoeneck"]

1. Nf3 Nf6 2. c4 d6 3. Nc3 Nbd7 4. g3 g6 5. Bg2 Bg7 6. O-O e5 7. d3 O-O 8. Rb1
a5 9. a3 Rb8 10. b4 axb4 11. axb4 Re8 12. Qc2 Qe7 13. Nd2 Nf8 14. Ra1 Be6 15.
Ra7 c6 16. Bxc6 Rec8 17. Bg2 Qd7 18. Nde4 Nxe4 19. Bxe4 f5 20. Bd5 Rc7 21. b5
Rbc8 22. Be3 Qf7 23. Qb3 Nd7 24. Bxe6 Qxe6 25. Nd5 Nc5 26. Nxc7 Rxc7 27. Bxc5
dxc5 28. Ra8+ Kf7 29. Rd8 Bf6 30. Rd5 Rc8 31. Ra1 b6 32. Ra7+ Kg8 33. Qa3 Be7
34. Qa6 1-0

[Event "Schloss op 1st"]
[Site "Heusenstamm"]
[Date "2014.11.20"]
[Round "1.42"]
[White "Held, Gerd"]
[Black "Euler, Stephan"]
[Result "0-1"]
[WhiteElo "1454"]
[BlackElo "2030"]
[PlyCount "36"]
[EventDate "2014.11.??"]
[EventType "swiss"]
[EventRounds "7"]
[EventCountry "GER"]
[WhiteTeam "SC Gross Zimmern"]
[BlackTeam "SC Ladja Rossdorf"]

1. c4 e6 2. g3 f5 3. Bg2 Nf6 4. Nf3 d5 5. cxd5 exd5 6. O-O Bd6 7. d3 O-O 8. b3
c6 9. Bb2 Nbd7 10. Nc3 Qe7 11. Qc2 f4 12. Nd2 Ng4 13. Nf3 fxg3 14. hxg3 Nde5
15. Nxe5 Qxe5 16. Ne4 Qh5 17. Rfd1 Qh2+ 18. Kf1 Ne3+ 0-1

[Event "Schloss op 1st"]
[Site "Heusenstamm"]
[Date "2014.11.20"]
[Round "1.44"]
[White "Schreer, Maxima"]
[Black "Kropp, Volker"]
[Result "0-1"]
[WhiteElo "1433"]
[BlackElo "2025"]
[PlyCount "64"]
[EventDate "2014.11.??"]
[EventType "swiss"]
[EventRounds "7"]
[EventCountry "GER"]
[WhiteTeam "Sfr 1891 Friedberg"]
[BlackTeam "SV Mainz Mombach"]

1. e4 c5 2. Bc4 e6 3. Nc3 a6 4. a4 Nc6 5. d3 Nf6 6. Bg5 Qc7 7. Nf3 Bd6 8. g3 b6
9. Ne2 Bb7 10. Qd2 Be7 11. Bf4 d6 12. c3 h6 13. Be3 g5 14. Qc2 d5 15. Bb3 dxe4
16. dxe4 Nxe4 17. Qxe4 Nd4 18. Qd3 Nxb3 19. Ra3 Bxf3 20. Rg1 c4 21. Qc2 Bxa3
22. bxa3 Bxe2 23. Qxe2 O-O-O 24. Kf1 Rd3 25. Kg2 Qc6+ 26. f3 Rhd8 27. Kh1 g4
28. Rf1 Nd2 29. Bxh6 gxf3 30. Qf2 Nxf1 31. Bg5 Rd1 32. Bxd8 Nxg3# 0-1

[Event "Schloss op 1st"]
[Site "Heusenstamm"]
[Date "2014.11.20"]
[Round "1.45"]
[White "Seickel, Ralf"]
[Black "Kremenetskiy, Igor"]
[Result "1-0"]
[WhiteElo "2054"]
[BlackElo "1345"]
[PlyCount "77"]
[EventDate "2014.11.??"]
[EventType "swiss"]
[EventRounds "7"]
[EventCountry "GER"]
[BlackTeam "Sfr Heusenstam"]

1. Nf3 g6 2. g3 Bg7 3. d4 c6 4. c4 Nf6 5. Nc3 O-O 6. e4 d5 7. cxd5 cxd5 8. e5
Ne8 9. Bg2 e6 10. O-O Nc6 11. Re1 a6 12. Bg5 Qd7 13. Na4 Qc7 14. Rc1 h6 15. Be3
Rb8 16. Qd2 Kh7 17. b4 f6 18. exf6 Nxf6 19. Bf4 e5 20. Bxe5 Qd8 21. Rxc6 bxc6
22. Bxb8 Ne4 23. Qe3 h5 24. Bf4 Bd7 25. Ng5+ Nxg5 26. Bxg5 Qb8 27. Nc5 Bf5 28.
a3 Qc8 29. Bf4 Rf7 30. Ne6 Bxe6 31. Qxe6 Qb7 32. Be5 Re7 33. Qd6 Rd7 34. Qc5
Bh6 35. f4 Rd8 36. Rc1 Qf7 37. Qxc6 g5 38. Qf6 Qxf6 39. Bxf6 1-0

[Event "Schloss op 1st"]
[Site "Heusenstamm"]
[Date "2014.11.20"]
[Round "1.46"]
[White "Pruemm, Stephan"]
[Black "De Silva, Joel Niels"]
[Result "0-1"]
[WhiteElo "1342"]
[BlackElo "2018"]
[PlyCount "76"]
[EventDate "2014.11.??"]
[EventType "swiss"]
[EventRounds "7"]
[EventCountry "GER"]
[WhiteTeam "SC Heusenstamm"]
[BlackTeam "SV Hockenheim"]

1. e4 c5 2. Nc3 Nc6 3. f4 e6 4. Bc4 Nge7 5. e5 Ng6 6. d3 d5 7. Bb5 Bd7 8. Bxc6
Bxc6 9. Nf3 Nh4 10. O-O Nxf3+ 11. Qxf3 g6 12. a4 Be7 13. Qh3 Qd7 14. b3 b6 15.
Bd2 a6 16. a5 b5 17. Na2 d4 18. b4 c4 19. dxc4 bxc4 20. Rfd1 Rd8 21. Be3 Qa7
22. Bf2 O-O 23. c3 Qb7 24. Bxd4 Rd5 25. Re1 Rfd8 26. Rab1 Rxd4 27. cxd4 Rxd4
28. Qe3 Rd3 29. Qf2 Qd7 30. Nc1 Rd2 31. Re2 c3 32. Qe3 Rd1+ 33. Kf2 Bh4+ 34. g3
Qd5 35. Qe4 Qxe4 36. Rxe4 Bxe4 37. Ra1 Be7 38. Ke3 Bb7 0-1

[Event "Schloss op 1st"]
[Site "Heusenstamm"]
[Date "2014.11.20"]
[Round "1.47"]
[White "Krueger, Till"]
[Black "Wendel, Joachim"]
[Result "1-0"]
[WhiteElo "2016"]
[BlackElo "1331"]
[PlyCount "85"]
[EventDate "2014.11.??"]
[EventType "swiss"]
[EventRounds "7"]
[EventCountry "GER"]
[WhiteTeam "SC Nidderau"]
[BlackTeam "SV 1920 Hofheim"]

1. e4 e5 2. Nc3 Nf6 3. Nf3 Nc6 4. d4 exd4 5. Nxd4 d6 6. Bb5 Bd7 7. Nf3 Be7 8.
O-O O-O 9. Re1 Bg4 10. Bxc6 bxc6 11. Qd3 Bxf3 12. Qxf3 Rb8 13. b3 Re8 14. Be3
c5 15. Rad1 Qc8 16. h3 Qa6 17. Bf4 Nd7 18. Nd5 Rbc8 19. a4 c4 20. Qe2 Nb6 21.
Nb4 Qb7 22. a5 d5 23. Na2 cxb3 24. cxb3 Na8 25. Rxd5 Qxb3 26. Rb5 Qe6 27. Nc3
c6 28. Rb7 Bc5 29. Be3 Qe5 30. Qc4 Be7 31. Rxa7 Nc7 32. Rc1 Nb5 33. Nxb5 cxb5
34. Qxc8 Rxc8 35. Rxc8+ Bf8 36. Raa8 Qa1+ 37. Kh2 h6 38. Rxf8+ Kh7 39. Rxf7
Qe5+ 40. g3 Qxe4 41. Raa7 Kg6 42. Rxg7+ Kh5 43. Ra6 1-0

[Event "Schloss op 1st"]
[Site "Heusenstamm"]
[Date "2014.11.20"]
[Round "1.48"]
[White "Koellner, Aaron Noah"]
[Black "Foermes, Alexander"]
[Result "0-1"]
[WhiteElo "1325"]
[BlackElo "2012"]
[PlyCount "34"]
[EventDate "2014.11.??"]
[EventType "swiss"]
[EventRounds "7"]
[EventCountry "GER"]
[WhiteTeam "SV Bergneustadt/Derschlag"]
[BlackTeam "SK Marburg 1931/72"]

1. d4 Nf6 2. e3 g6 3. f4 Bg7 4. Nf3 O-O 5. Be2 d5 6. O-O c5 7. dxc5 Qc7 8. c4
Qxc5 9. cxd5 Nxd5 10. Qb3 Nxf4 11. Bc4 Nc6 12. Nc3 Na5 13. Qb5 Qxc4 14. Qxc4
Nh3+ 15. gxh3 Nxc4 16. b3 Bxc3 17. bxc4 Bxa1 0-1

[Event "Schloss op 1st"]
[Site "Heusenstamm"]
[Date "2014.11.20"]
[Round "1.49"]
[White "Schultze, Joerg Martin"]
[Black "Senatov, Boris"]
[Result "1-0"]
[WhiteElo "2011"]
[BlackElo "1213"]
[PlyCount "33"]
[EventDate "2014.11.??"]
[EventType "swiss"]
[EventRounds "7"]
[EventCountry "GER"]
[WhiteTeam "SF Anderssen Wetzlar"]
[BlackTeam "SC Heusenstamm"]

1. d4 e6 2. c4 Nf6 3. Nf3 b6 4. g3 Bb7 5. Bg2 d5 6. O-O Be7 7. Nc3 c6 8. cxd5
exd5 9. Bg5 O-O 10. Bxf6 Bxf6 11. e4 dxe4 12. Nxe4 Be7 13. Rc1 Re8 14. Ne5 c5
15. Nf6+ Bxf6 16. Bxb7 Bxe5 17. dxe5 1-0

[Event "Schloss op 1st"]
[Site "Heusenstamm"]
[Date "2014.11.20"]
[Round "1.50"]
[White "Masoudi, Kian"]
[Black "Junker, Christian"]
[Result "0-1"]
[WhiteElo "1178"]
[BlackElo "2010"]
[PlyCount "80"]
[EventDate "2014.11.??"]
[EventType "swiss"]
[EventRounds "7"]
[EventCountry "GER"]
[WhiteTeam "SC Bergen Enkheim 1922"]
[BlackTeam "SV 1926 Neu Isenburg"]

1. d4 f5 2. Nf3 Nf6 3. Bf4 d5 4. e3 e6 5. c4 c6 6. Nbd2 Be7 7. h3 O-O 8. Ne5 b6
9. g4 Ne4 10. a3 Bh4 11. Rh2 g5 12. Nxe4 gxf4 13. Nc3 fxe3 14. Qf3 exf2+ 15.
Kd1 f4 16. Bd3 Bg3 17. Rh1 Bb7 18. cxd5 cxd5 19. Rc1 a6 20. g5 Qxg5 21. Ne2 Qg7
22. h4 Bc8 23. h5 Ra7 24. h6 Qg5 25. Rh5 f1=Q+ 26. Kc2 Qxc1+ 27. Kxc1 Rc7+ 28.
Bc2 Qf6 29. Qg4+ Kh8 30. Ng1 Rg8 31. Qf3 Nd7 32. Ng4 Qf7 33. Ne5 Nxe5 34. dxe5
Bb7 35. Rh3 d4 36. Qd3 Rgc8 37. Kb1 Rxc2 38. Ne2 Rxe2 39. Qxe2 Qf5+ 40. Ka2
Bd5+ 0-1

[Event "Schloss op 1st"]
[Site "Heusenstamm"]
[Date "2014.11.20"]
[Round "1.51"]
[White "Diez, Gerhard"]
[Black "Mogler, Michael"]
[Result "1-0"]
[WhiteElo "2007"]
[BlackElo "1115"]
[PlyCount "87"]
[EventDate "2014.11.??"]
[EventType "swiss"]
[EventRounds "7"]
[EventCountry "GER"]
[WhiteTeam "SC Bad Nauheim"]
[BlackTeam "TuS Makkabi Frankfurt"]

1. e4 e5 2. Nf3 Nc6 3. Bb5 Nf6 4. O-O Bc5 5. c3 d6 6. d3 Bd7 7. a4 a6 8. Bc4
Bg4 9. b4 Ba7 10. a5 O-O 11. Bb3 d5 12. h3 Bh5 13. Nbd2 d4 14. c4 Nxb4 15. Ba3
Bc5 16. Qb1 Be7 17. g4 Bxg4 18. hxg4 Nxg4 19. c5 Nc6 20. Nc4 Bg5 21. Bc1 Be7
22. Bd2 Bxc5 23. Bg5 Be7 24. Qc1 h6 25. Bd2 Bc5 26. Qd1 Qf6 27. Nh2 Nxh2 28.
Kxh2 Bb4 29. Qg4 Bxd2 30. Nxd2 Qf4+ 31. Qxf4 exf4 32. Nf3 g5 33. Rg1 Kh7 34.
Ra4 Rad8 35. Bd5 f6 36. Bxc6 bxc6 37. Rc1 Rd6 38. Rac4 Rfd8 39. Rxc6 R8d7 40.
Rxc7 Rg7 41. Rxg7+ Kxg7 42. Rc4 g4 43. Nxd4 h5 44. Nf5+ 1-0

[Event "Schloss op 1st"]
[Site "Heusenstamm"]
[Date "2014.11.20"]
[Round "1.52"]
[White "Idrissi, Mourad"]
[Black "Schneider, Johannes"]
[Result "0-1"]
[WhiteElo "1085"]
[BlackElo "2001"]
[PlyCount "56"]
[EventDate "2014.11.??"]
[EventType "swiss"]
[EventRounds "7"]
[EventCountry "GER"]
[BlackTeam "SV Mainz Mombach"]

1. e4 c5 2. Nf3 e6 3. d4 cxd4 4. Nxd4 Nf6 5. Nc3 Bb4 6. f3 a6 7. Be3 Qc7 8.
Nde2 d5 9. Bd4 e5 10. a3 exd4 11. Qxd4 Nc6 12. Qe3 Bxc3+ 13. Qxc3 dxe4 14. Nd4
O-O 15. O-O-O Qf4+ 16. Kb1 Nxd4 17. Qxd4 Bf5 18. Be2 Qc7 19. g4 exf3 20. Bd3
Rad8 21. Qf2 Bxd3 22. cxd3 Qc6 23. Qg3 Rfe8 24. Rd2 Ne4 25. Qe1 Nxd2+ 26. Qxd2
Re2 27. Qc3 Qxc3 28. bxc3 f2 0-1

[Event "Schloss op 1st"]
[Site "Heusenstamm"]
[Date "2014.11.20"]
[Round "1.53"]
[White "Zirlik, Rudi"]
[Black "Roytblat, David"]
[Result "1/2-1/2"]
[WhiteElo "1993"]
[BlackElo "1042"]
[PlyCount "61"]
[EventDate "2014.11.??"]
[EventType "swiss"]
[EventRounds "7"]
[EventCountry "GER"]
[WhiteTeam "SV Unterkochen"]
[BlackTeam "SC Heusenstamm"]

1. d4 d5 2. g3 Nf6 3. Bg2 Bf5 4. c4 e6 5. Qb3 b6 6. Nc3 c6 7. cxd5 cxd5 8. Bg5
Be7 9. Bxf6 Bxf6 10. Nxd5 exd5 11. Bxd5 Be6 12. Qb5+ Bd7 13. Qd3 Bc6 14. Qe4+
Kf8 15. Bxc6 Nxc6 16. Qxc6 Rc8 17. Qa4 Bxd4 18. Nf3 Bf6 19. O-O a5 20. Rad1 Qc7
21. Rd7 Qc5 22. Qb3 Qh5 23. Rfd1 g5 24. Qxb6 Kg7 25. R1d6 Qg6 26. Kg2 Rhe8 27.
e3 Rc2 28. Rd2 Rcc8 29. Rb7 g4 30. Ne1 Qe4+ 31. Kf1 1/2-1/2

[Event "Schloss op 1st"]
[Site "Heusenstamm"]
[Date "2014.11.20"]
[Round "1.54"]
[White "Specht, Julius"]
[Black "Rolf, Marco"]
[Result "0-1"]
[WhiteElo "982"]
[BlackElo "1985"]
[PlyCount "44"]
[EventDate "2014.11.??"]
[EventType "swiss"]
[EventRounds "7"]
[EventCountry "GER"]
[WhiteTeam "SC 1952 Obertshausen"]
[BlackTeam "SK Bad Homburg 1927"]

1. e4 e6 2. Nf3 d5 3. exd5 exd5 4. Bb5+ c6 5. Ba4 Nf6 6. d3 Bd6 7. O-O O-O 8.
Bg5 h6 9. Be3 Bg4 10. h3 Bh5 11. c4 Nbd7 12. Qb3 Bxf3 13. gxf3 Ne5 14. Nd2 Qd7
15. Bd4 Qxh3 16. Bxe5 Bxe5 17. f4 Bxf4 18. Nf3 Qg4+ 19. Kh1 Qxf3+ 20. Kg1 Qg4+
21. Kh1 Qh3+ 22. Kg1 Qh2# 0-1